000 00257nam a2200097Ia 4500
008 230915s9999 xx 000 0 und d
050 _aZ678.9.H37 2004
100 _aL.T.HARAVU
245 0 _aLIBRARY AUTOMATION: DESIGN, PRINCIPLES AND PRACTICE
942 _cBK
999 _c206700
_d206700